|
|
|
|
| LEADER |
00000nam0a2200000 4500 |
| 001 |
34746 |
| 005 |
20231030231225.0 |
| 010 |
|
|
|a 5283014983
|
| 035 |
|
|
|a (RuTPU)RU\TPU\book\35153
|
| 035 |
|
|
|a BOOK00001805
|
| 090 |
|
|
|a 34746
|
| 100 |
|
|
|a 20011210d1990 k y0 y50 ca
|
| 101 |
0 |
|
|a rus
|
| 102 |
|
|
|a RU
|
| 105 |
|
|
|a y z 000zy
|
| 200 |
1 |
|
|a Основы построения вычислительных сетей для автоматизированных систем
|f Л. Б. Богуславский, В. И. Дрожжинов
|
| 210 |
|
|
|a Москва
|c Энергоатомиздат
|d 1990
|
| 215 |
|
|
|a 255 с.
|
| 610 |
1 |
|
|a компьютерные сети
|
| 610 |
1 |
|
|a средства телекоммуникаций
|
| 610 |
1 |
|
|a автоматизированные системы
|
| 610 |
1 |
|
|a вычислительные сети
|
| 610 |
1 |
|
|a построение
|
| 610 |
1 |
|
|a проектирование
|
| 610 |
1 |
|
|a функционирование
|
| 610 |
1 |
|
|a настройка
|
| 610 |
1 |
|
|a отказоустойчивые системы
|
| 675 |
|
|
|a 681.324.001
|v 3
|
| 700 |
|
1 |
|a Богуславский
|b Л. Б.
|g Леонид Борисович
|
| 701 |
|
1 |
|a Дрожжинов
|b В. И.
|g Владимир Иванович
|
| 801 |
|
0 |
|a RU
|b 63413507
|c 20011210
|g PSBO
|
| 801 |
|
2 |
|a RU
|b 63413507
|c 20210128
|g PSBO
|
| 900 |
|
|
|a Сети ЭВМ и средства телекоммуникаций
|a Проектирование информационных систем
|
| 900 |
|
|
|a Современные компьютерные технологии
|
| 900 |
|
|
|a Спецкурс 73
|
| 942 |
|
|
|c BK
|